Tales from the Odyssey : (Record no. 223)

MARC details
000 -LEADER
fixed length control field 01127nam a22002417a 4500
001 - CONTROL NUMBER
control field 223
003 - CONTROL NUMBER IDENTIFIER
control field FISKH
005 - DATE AND TIME OF LATEST TRANSACTION
control field 20240530160535.0
008 - FIXED-LENGTH DATA ELEMENTS--GENERAL INFORMATION
fixed length control field 230307b cb ||||| |||| 00| 0 eng d
040 ## - CATALOGING SOURCE
Original cataloging agency FISKH
Language of cataloging eng
Transcribing agency FISKH
Modifying agency FISKH
050 ## - LIBRARY OF CONGRESS CALL NUMBER
Classification number BL820.O3
082 ## - DEWEY DECIMAL CLASSIFICATION NUMBER
Classification number 292.13
100 ## - MAIN ENTRY--PERSONAL NAME
Personal name Osborne, Mary Pope
245 ## - TITLE STATEMENT
Title Tales from the Odyssey :
Remainder of title Part two /
Statement of responsibility, etc. Mary Pope Osborne
260 ## - PUBLICATION, DISTRIBUTION, ETC.
Place of publication, distribution, etc. New York :
Name of publisher, distributor, etc. Scholastic,
Date of publication, distribution, etc. 2011
300 ## - PHYSICAL DESCRIPTION
Extent 286 pages :
Dimensions 18 cm.
490 ## - SERIES STATEMENT
Materials specified books 4,5,6
Series statement Tales from the Odyssey Part Two
Volume/sequential designation Volume 2
505 ## - FORMATTED CONTENTS NOTE
Formatted contents note M
520 ## - SUMMARY, ETC.
Summary, etc. After twenty years of fighting monsters, angering gods and goddesses, and surviving against the odds, Odysseus is more desperate than ever to return to his family. But first he will have to explore yet another strange land. And when he finally does return home, he will have yet more dangerous enemies to face. This is the exciting conclusion to the series by best-selling author Mary Pope Osborne, retelling Homer's Odyssey, one of the most thrilling adventure stories of all time.
521 8# - TARGET AUDIENCE NOTE
Target audience note 790 <br/>
Source Lexile
521 8# - TARGET AUDIENCE NOTE
Target audience note M <br/>
Source Raz-Plus
942 ## - ADDED ENTRY ELEMENTS (KOHA)
Source of classification or shelving scheme Dewey Decimal Classification
Koha item type Books
Suppress in OPAC No
Holdings
Withdrawn status Lost status Source of classification or shelving scheme Damaged status Not for loan Collection Home library Current library Shelving location Date acquired Total Checkouts Full call number Barcode Date last seen Date last checked out Copy number Price effective from Koha item type
    Dewey Decimal Classification     Fiction Footprints International School Library Network Toul Kork Campus Footprints International School Library Network Toul Kork Campus A TK Campus, 4th Floor, Room B401, Fiction Bookcases (1-6) 03/07/2023 2 OSB 292.13 BL820.O3 FISTK04992 03/20/2026 08/15/2025 1 03/07/2023 Books
    Dewey Decimal Classification     Fiction Footprints International School Library Network Toul Kork Campus Footprints International School Library Network Toul Kork Campus A TK Campus, 4th Floor, Room B401, Fiction Bookcases (1-6) 03/07/2023 4 OSB 292.13 BL820.O3 FISSE00608 12/16/2025 11/21/2025 2 03/07/2023 Books